Statistics for Most Populous Cities in Brazil

Click here to take the quiz!

General Stats

  • This quiz has been taken 983 times
  • The average score is 12 of 20

Answer Stats

PopulationCity% Correct
6,747,815Rio de Janeiro
100%
12,325,232São Paulo
99%
3,055,149Brasília
97%
2,521,564Belo Horizonte
90%
2,219,580Manaus
86%
1,653,461Recife
81%
1,488,252Porto Alegre
80%
2,886,698Salvador
79%
2,686,612Fortaleza
74%
1,499,641Belém
67%
1,948,626Curitiba
65%
890,480Natal
46%
1,213,792Campinas
42%
1,536,097Goiânia
40%
1,108,975São Luís
38%
906,092Campo Grande
20%
1,025,360Maceió
20%
1,392,121Guarulhos
15%
924,624Duque de Caxias
12%
1,091,737São Gonçalo
11%

Score Distribution

Percentile by Number Answered

Percent of People with Each Score

Your Score History

You have not taken this quiz